Govt. of
Madhya Pradesh

The Travels of Peter Mundy In Europe and Asia 1608-1667 (Record no. 37785)

MARC details
000 -LEADER
fixed length control field 004570000a22001690004500
003 - CONTROL NUMBER IDENTIFIER
control field MACL
005 - DATE AND TIME OF LATEST TRANSACTION
control field 20160108171457.0
008 - FIXED-LENGTH DATA ELEMENTS--GENERAL INFORMATION
fixed length control field 160108b xxu||||| |||| 00| 0 eng d
040 ## - CATALOGING SOURCE
Original cataloging agency MACL
Transcribing agency MACL
041 ## - LANGUAGE CODE
Language code of text/sound track or separate title English
082 ## - DEWEY DECIMAL CLASSIFICATION NUMBER
Classification number 910/MUN
100 ## - MAIN ENTRY--PERSONAL NAME
Personal name Temple, Sir Richard Carnac
9 (RLIN) 30088
245 ## - TITLE STATEMENT
Title The Travels of Peter Mundy In Europe and Asia 1608-1667
Remainder of title vol 4
260 ## - PUBLICATION, DISTRIBUTION, ETC. (IMPRINT)
Name of publisher, distributor, etc. The Hakluyt Society
650 ## - SUBJECT ADDED ENTRY--TOPICAL TERM
Topical term or geographic name as entry element Travel
9 (RLIN) 30089
942 ## - ADDED ENTRY ELEMENTS (KOHA)
Koha item type Books
Call number prefix 910/MUN
Source of classification or shelving scheme
Holdings
Withdrawn status Lost status Source of classification or shelving scheme Damaged status Not for loan Home library Current library Date acquired Total Checkouts Full call number Barcode Date last seen Uniform Resource Identifier Price effective from Koha item type
          MACL MACL 15/04/2015   910/MUN CLE004232 29/04/2015 37999 15/04/2015 Books